Les Etats du Mexique - Statistiques

Statistiques générales
  • Ce quiz a été pris 240 fois
  • Le résultat moyen est 16 sur 32
Statistiques - réponses
Numéro INEGI Entité Fédérative % Correct
15 Mexico
92%
31 Yucatán
78%
2 Basse-Californie
76%
8 Chihuahua
74%
7 Chiapas
70%
20 Oaxaca
70%
30 Veracruz
63%
14 Jalisco
60%
23 Quintana Roo
58%
25 Sinaloa
57%
4 Campeche
53%
21 Puebla
53%
27 Tabasco
52%
1 Aguascalientes
51%
12 Guerrero
51%
3 Basse-Californie du Sud
50%
19 Nuevo León
50%
26 Sonora
50%
24 San Luis Potosí
46%
10 Durango
43%
16 Michoacán
43%
17 Morelos
43%
6 Colima
41%
13 Hidalgo
41%
18 Nayarit
41%
22 Querétaro
41%
11 Guanajuato
39%
32 Zacatecas
38%
5 Coahuila
36%
28 Tamaulipas
35%
29 Tlaxcala
32%
9 Ciudad de México
16%
Aucun quiz correspondant
Distribution des résultats
% des personnes avec chaque résultat
Percentile par nombre de réponses
Votre historique - résultats
Vous n’avez pas pris ce quiz